[Event "AUTO-ADV-4558"]
[Site "http://www.queenalice.com/game.php?id=1774515"]
[Date "2021.11.11"]
[Round "1"]
[White "holandes"]
[Black "MMA34"]
[Result "0-1"]
[WhiteElo "1791"]
[BlackElo "1756"]

1. e4 c5 2. Bc4 d6 3. h3 Nf6 4. d3 Nc6 5. a3 e6 6. Bg5 Be7 7. Nf3 O-O 8. O-O h6
9. Bh4 a6 10. Nbd2 b5 11. Bb3 Bb7 12. c3 a5 13. Bc2 Rc8 14. Bb1 Nh7 15. Bg3 e5
16. Nh2 f5 17. Qb3+ Kh8 18. Qxb5 Qc7 19. f4 Na7 20. Qc4 Bf6 21. exf5 d5 22. Qb3
Rfe8 23. Ng4 exf4 24. Bxf4 Qe7 25. Bc2 Qf7 26. Ne4 c4 27. Nd6 cxb3 28. Nxf7+ Kg8
29. Nd6 bxc2 30. Nxe8 Rxe8 31. Rac1 d4 32. Rxc2 dxc3 33. bxc3 Nb5 34. Rb2 Bc6
35. d4 Nxa3 36. Ra1 Nc4 37. Rba2 Bd5 38. Ra4 Bg5 39. Be5 Bd2 40. Rb1 Bxc3 41.
Rb5 Bf7 42. Rc5 Bb4 43. Rb5 Rc8 44. Kf2 Be8 45. Rbxb4 axb4 46. Rxb4 Ng5 47. f6
Ne4+ 48. Kg1 h5 49. Nh2 gxf6 50. Bf4 Kg7 51. Nf3 Nc3 52. Nh4 Nd5 53. Bg3 Nd2 54.
Nf5+ Kg6 55. Nh4+ Kh6 56. Nf5+ Kh7 57. Rb7+ Kg6 58. Nh4+ Kh6 59. Nf5+ Kg5 60.
Nd6 Rc1+ 61. Kf2 Ne4+ 62. Kf3 Nxg3 63. Kxg3 Bg6 64. Rb5 Rc3+ 65. Kf2 Rc2+ 66.
Kg1 Rd2 67. Rxd5+ Kf4 68. Nb5 Be4 69. Rxh5 Rxg2+ 70. Kf1 Ra2 71. d5 Kf3 72. Ke1
Ke3 73. Kf1 Ra1# 0-1

[Event "AUTO-ADV-4558"]
[Site "http://www.queenalice.com/game.php?id=1774528"]
[Date "2021.11.11"]
[Round "1"]
[White "holandes"]
[Black "Eggchaser"]
[Result "0-1"]
[WhiteElo "1796"]
[BlackElo "1869"]

1. e4 c5 2. Bc4 e6 3. Nc3 Nc6 4. a3 Nf6 5. d3 h6 6. Nce2 Be7 7. c3 O-O 8. h3 a6
9. Nf3 Qc7 10. Bf4 e5 11. Bg3 d6 12. O-O Re8 13. Nd2 Bf8 14. Ba2 Be6 15. Bb1 g6
16. Qc1 Bg7 17. f4 Bd7 18. Nc4 Nh5 19. Bh2 b5 20. Ne3 exf4 21. Nxf4 Nxf4 22.
Rxf4 Be6 23. Nd5 Bxd5 24. exd5 Ne5 25. Bc2 Qb7 26. Bb3 Nxd3 27. Qc2 Nxf4 28.
Bxf4 c4 29. Ba2 Qxd5 30. Rd1 Qc5+ 31. Kh2 Re6 32. b4 Qc6 33. Bb1 Rae8 34. Rd2
Be5 35. Kg3 Bxf4+ 36. Kxf4 d5 37. Qc1 Qd6+ 38. Kf3 Re3+ 39. Kf2 Qg3+ 0-1

[Event "AUTO-ADV-4558"]
[Site "http://www.queenalice.com/game.php?id=1774529"]
[Date "2021.11.11"]
[Round "1"]
[White "Eggchaser"]
[Black "holandes"]
[Result "0-1"]
[WhiteElo "1896"]
[BlackElo "1769"]

1. e4 e5 2. Nf3 Nc6 3. Bb5 Nge7 4. c3 a6 5. Ba4 b5 6. Bb3 h6 7. O-O d6 8. h3 Ng6
9. Bd5 Bb7 10. d4 Be7 11. g3 O-O 12. Be3 Bf6 13. Nbd2 Qd7 14. Kg2 Rab8 15. a4
Bc8 16. b4 Qxh3+ 0-1

[Event "AUTO-ADV-4558"]
[Site "http://www.queenalice.com/game.php?id=1774530"]
[Date "2021.11.11"]
[Round "1"]
[White "holandes"]
[Black "krystian"]
[Result "0-1"]
[WhiteElo "1836"]
[BlackElo "1813"]

1. e4 c6 2. d4 d5 3. e5 Bf5 4. h3 h5 5. Nd2 e6 6. a3 c5 7. c3 Nc6 8. Ngf3 Qc7 9.
Bb5 f6 10. O-O O-O-O 11. b4 cxb4 12. axb4 Nb8 13. Bb2 a6 14. Ba4 Be7 15. Nb3 Bd3
16. Qxd3 f5 17. Rfc1 g5 18. Ba3 g4 19. Nfd2 gxh3 20. g3 Nh6 21. f3 Rdf8 22. c4
Kd8 23. cxd5 Qb6 24. d6 Bg5 25. f4 Bxf4 26. gxf4 Rhg8+ 27. Kf1 h2 28. Ke2 Rg2+
29. Kd1 h1=Q+ 30. Kc2 Qh2 31. Rd1 Nc6 32. Nc5 Re8 33. Kc3 Reg8 34. Nxe6+ Kc8 35.
Ng5 Qxf4 36. Ngf3 R8g3 37. Qc4 Qbxd4+ 38. Qxd4 Qxd4+ 0-1

[Event "AUTO-ADV-4558"]
[Site "http://www.queenalice.com/game.php?id=1774531"]
[Date "2021.11.11"]
[Round "1"]
[White "krystian"]
[Black "holandes"]
[Result "1-0"]
[WhiteElo "1799"]
[BlackElo "1792"]

1. c4 e5 2. Nc3 c6 3. g3 Bb4 4. Qb3 Na6 5. d3 h6 6. Bg2 d6 7. Bd2 Rb8 8. Nf3 Nf6
9. O-O Bc5 10. e3 Be6 11. a3 b5 12. Qc2 Bf5 13. b4 Bb6 14. Nh4 Bh7 15. Bxc6+ Ke7
16. Nxb5 g5 17. Nf3 e4 18. dxe4 Nc7 19. Nc3 Rg8 20. Qb2 h5 21. e5 dxe5 22. Nxe5
Bf5 23. Bf3 g4 24. Nc6+ 1-0

[Event "AUTO-ADV-4561"]
[Site "http://www.queenalice.com/game.php?id=1775253"]
[Date "2021.11.20"]
[Round "1"]
[White "SGF"]
[Black "holandes"]
[Result "0-1"]
[WhiteElo "1689"]
[BlackElo "1813"]

1. e4 e5 2. Qf3 Nc6 3. c3 a6 4. d3 h6 5. Be2 Bc5 6. Qg3 Qf6 7. Nf3 d6 8. h3 Nge7
9. b4 Bb6 10. a4 Ng6 11. Be3 Be6 12. Bxb6 cxb6 13. O-O Nf4 14. Re1 O-O 15. Nbd2
Rad8 16. b5 axb5 17. axb5 Na5 18. Nc4 Bxc4 19. dxc4 Nxe2+ 20. Rxe2 Nxc4 21. Ra7
Na5 22. Nd2 Rc8 23. c4 Qd8 24. Nb3 Nxc4 25. Rxb7 Qf6 26. Nd2 Qe6 27. Nxc4 Qxc4
28. Rb2 Qc1+ 29. Kh2 Qxb2 30. Rxb6 Qd4 31. Rc6 Qxe4 32. Rxd6 Rc4 33. Rxh6 Rd8
34. b6 Rd3 35. f3 Qf5 36. b7 Rb3 37. Ra6 Rxb7 38. Ra8+ Rc8 39. Rxc8+ Qxc8 40.
Qxe5 f6 41. Qd5+ Kh8 42. g4 Qc7+ 43. Kg1 Rb2 44. Qh5+ Kg8 45. Qe8+ Kh7 46. Qh5+
Kg8 47. Qd5+ Kf8 48. Qa8+ Rb8 49. Qa3+ Ke8 50. Qe3+ Kd8 51. h4 Rb2 52. Qd4+ Kc8
53. Qxb2 Qg3+ 54. Kf1 Qxf3+ 55. Qf2 Qxg4 56. Qc5+ Kd7 57. Qa7+ Ke6 58. Qe3+ Kf5
59. Qc5+ Kf4 60. Qd4+ Kg3 61. Qf2+ Kh3 62. Qe3+ Kxh4 63. Qe1+ Kh3 64. Qe3+ Kh4
65. Qf2+ Kh5 66. Qh2+ Kg6 67. Qc2+ f5 68. Qc6+ Kh5 69. Qe8+ g6 70. Qh8+ Kg5 71.
Qd8+ Kf4 72. Qd6+ Kg5 73. Qe7+ Kf4 74. Qb4+ Kg3 75. Qe1+ Kh2 76. Qe5+ f4 77.
Qb2+ Kh3 78. Qc3+ f3 79. Qh8+ Kg3 80. Qb8+ Kh4 81. Qh8+ Kg5 82. Qd8+ Kf4 83.
Qd4+ Kg3 84. Qe5+ Qf4 85. Qe1+ Kh2 86. Qf2+ Kh3 87. Qg1 g5 88. Qh1+ Kg4 89. Qg1+
Kh5 90. Qh1+ Kg6 91. Qg1 g4 92. Qb6+ Kg5 93. Qc5+ Qf5 94. Qe7+ Kf4 95. Qb4+ Kg3
96. Qd6+ Qf4 97. Qb6 Qc1# 0-1

[Event "AUTO-ADV-4561"]
[Site "http://www.queenalice.com/game.php?id=1775254"]
[Date "2021.11.20"]
[Round "1"]
[White "holandes"]
[Black "SGF"]
[Result "1-0"]
[WhiteElo "1804"]
[BlackElo "1659"]

1. e4 e5 2. Nc3 c6 3. Bc4 b5 4. Bb3 a5 5. a3 b4 6. axb4 Bxb4 7. Nge2 g6 8. O-O
Ba6 9. d3 h5 10. Be3 d6 11. f4 f6 12. fxe5 dxe5 13. Na2 Ne7 14. Rxf6 Rh7 15. c3
Bd6 16. Bg5 Bc5+ 17. Kh1 Nd7 18. Rxg6 Qb6 19. Re6 h4 20. Bd5 Bb7 21. Rb1 Be3 22.
Bxe7 Rxe7 23. Rg6 Qc7 24. Rg8+ Nf8 25. Bc4 O-O-O 26. Bb3 c5 27. c4 Bxe4 28. Bc2
h3 29. Qf1 hxg2+ 30. Rxg2 Bxg2+ 31. Qxg2 Rg7 32. Ng3 Ne6 33. Ba4 Nd4 34. Qa8+
Qb8 35. Qxa5 Nf5 36. Qa6+ Qb7+ 37. Qxb7+ Kxb7 38. Nxf5 Rh7 39. Nxe3 Rxd3 40. Nf5
Rd2 41. h4 Rh5 42. Rf1 Rxb2 43. Nc3 Rb4 44. Bb5 Rb3 45. Ne4 Kb6 46. Nf6 Rh8 47.
Nd7+ Ka5 48. Nxc5 Rh3+ 49. Kg2 Rc3 50. Nd6 Rxh4 51. Ra1+ Kb6 52. Nd7+ Kc7 53.
Nf5 Rg4+ 54. Kh2 Rc2+ 55. Kh3 Rf4 56. Ne7 Rc3+ 57. Kg2 Rg4+ 58. Kf2 Rc2+ 59. Ke3
Rg3+ 60. Ke4 Re2+ 61. Kf5 Rf3+ 62. Ke6 Rd3 63. Nd5+ Kb7 64. Nc5+ Kc8 65. Nxd3 e4
66. Nc5 Kb8 67. Bc6 e3 68. Ra8# 1-0

[Event "AUTO-ADV-4561"]
[Site "http://www.queenalice.com/game.php?id=1775269"]
[Date "2021.11.20"]
[Round "1"]
[White "stoyan1"]
[Black "holandes"]
[Result "1-0"]
[WhiteElo "1913"]
[BlackElo "1788"]

1. e4 e5 2. Nf3 Nc6 3. Bb5 Nge7 4. O-O a6 5. Ba4 b5 6. Bb3 h6 7. c4 Ng6 8. cxb5
axb5 9. Nc3 Ba6 10. d3 Bc5 11. Be3 Ba7 12. Nxb5 Bxb5 13. a4 Ba6 14. Bd5 Rb8 15.
Bxa7 Nxa7 16. b3 c6 17. Bc4 Bb7 18. b4 O-O 19. g3 d5 20. Bb3 Qd7 21. Kg2 Rbd8
22. Qc2 Bc8 23. Ng1 Kh8 24. h3 f5 25. f3 f4 26. g4 Bb7 27. Qc5 Nc8 28. a5 Ba6
29. Rfd1 Rf7 30. Qb6 Nxb6 31. axb6 Bb7 32. Ra7 Rb8 33. b5 cxb5 34. Bxd5 Re7 35.
Rc1 Qd8 36. Rc5 1-0

[Event "AUTO-ADV-4561"]
[Site "http://www.queenalice.com/game.php?id=1775270"]
[Date "2021.11.20"]
[Round "1"]
[White "holandes"]
[Black "stoyan1"]
[Result "0-1"]
[WhiteElo "1777"]
[BlackElo "1924"]

1. e4 Nc6 2. d4 d5 3. e5 f6 4. Bf4 Bf5 5. Bb5 a6 6. Ba4 b5 7. Bb3 e6 8. a3 Nge7
9. h3 g5 10. Bg3 h5 11. Ne2 Bg7 12. exf6 Bxf6 13. Nbc3 b4 14. Na4 h4 15. Bh2 Na5
16. Ba2 Rb8 17. Nc5 Rb6 18. f4 g4 19. hxg4 Bxg4 20. Qd2 Nac6 21. Bg1 h3 22. g3
Qc8 23. O-O-O Nf5 24. Bh2 bxa3 25. b4 Qb8 26. c3 Kf7 27. Nd7 Qb7 28. Nc5 Qa7 29.
Rde1 Nd6 30. Bg1 Ke7 31. Bf2 h2 32. Kc2 Bf3 33. Bxd5 Bxd5 34. Kb1 a5 35. Kc2
axb4 0-1

[Event "AUTO-ADV-4561"]
[Site "http://www.queenalice.com/game.php?id=1775281"]
[Date "2021.11.20"]
[Round "1"]
[White "holandes"]
[Black "askasl159"]
[Result "1-0"]
[WhiteElo "1783"]
[BlackElo "1603"]

1. e4 e5 2. Nc3 Nf6 3. a3 Bc5 4. Nd5 Nxd5 5. exd5 c6 6. c4 d6 7. h3 cxd5 8. cxd5
Qf6 9. Qe2 b6 10. Nf3 Bb7 11. Qd3 h6 12. Be2 Nd7 13. Qe4 O-O 14. Bd3 a5 15. Qh7#
1-0

[Event "AUTO-ADV-4561"]
[Site "http://www.queenalice.com/game.php?id=1775282"]
[Date "2021.11.20"]
[Round "1"]
[White "askasl159"]
[Black "holandes"]
[Result "0-1"]
[WhiteElo "1589"]
[BlackElo "1776"]

1. e4 e5 2. f4 Nc6 3. Nf3 Bd6 4. Bc4 h6 5. b3 Nf6 6. Qe2 O-O 7. O-O Bc5+ 8. Kh1
d6 9. Bb2 exf4 10. d4 Bb6 11. Nbd2 Bg4 12. h3 Bxd4 13. Bxd4 Nxd4 14. Qd1 Bh5 15.
c3 Nc6 16. Qc2 Re8 17. a3 Bg6 18. Rfe1 d5 19. exd5 Bxc2 0-1

[Event "AUTO-ADV-4566"]
[Site "http://www.queenalice.com/game.php?id=1776467"]
[Date "2021.12.7"]
[Round "1"]
[White "holandes"]
[Black "pomar"]
[Result "0-1"]
[WhiteElo "1836"]
[BlackElo "2061"]

1. e4 e6 2. d4 d5 3. e5 c5 4. c3 Qb6 5. Nf3 Nc6 6. b3 cxd4 7. cxd4 Bb4+ 8. Bd2
Nxd4 9. Nxd4 Qxd4 10. Bxb4 Qxa1 11. Bc3 Qxa2 12. Be2 Bd7 13. O-O a5 14. Bd3 a4
15. Nd2 axb3 16. Nxb3 Ne7 17. Bb1 Qa3 18. Qc2 Rc8 19. Qb2 Qxb2 20. Bxb2 O-O 21.
Re1 Rc4 22. Re3 Rb4 23. Ba3 Rxb3 24. Rxb3 Ng6 25. Bxf8 Kxf8 26. Rxb7 Ke8 27. g3
Ne7 28. Bxh7 g6 29. g4 Bc8 30. Rc7 Kf8 31. h4 Ba6 32. h5 gxh5 33. gxh5 d4 34.
Rd7 Nd5 35. Ra7 Kg7 36. Bg6 d3 37. Rxf7+ Kg8 38. Ra7 d2 39. Bc2 Be2 40. Ra1 Nc3
41. h6 d1=Q+ 42. Bxd1 Bxd1 43. Ra7 Ne2+ 44. Kf1 Nf4 45. Ke1 Bc2 0-1

[Event "AUTO-ADV-4566"]
[Site "http://www.queenalice.com/game.php?id=1776468"]
[Date "2021.12.7"]
[Round "1"]
[White "pomar"]
[Black "holandes"]
[Result "1-0"]
[WhiteElo "2002"]
[BlackElo "1814"]

1. f3 d5 2. Kf2 e5 3. e3 Bc5 4. c4 d4 5. Qb3 Nc6 6. Bd3 Nge7 7. a3 O-O 8. Qc2 g6
9. b4 dxe3+ 10. dxe3 Nd4 11. Qc3 Nxf3 12. Nxf3 Bd6 13. c5 Nd5 14. Qb3 Be7 15.
Nxe5 Be6 16. Bc4 c6 17. Rd1 Bh4+ 18. Kg1 Qf6 19. Nf3 g5 20. Bb2 Qf5 21. Nc3 Nxe3
22. Bxe6 fxe6 23. Rd6 Rae8 24. Ne2 Nd5 25. Ned4 Qg4 26. Qd3 Nf4 27. Qc2 e5 28.
Nxh4 exd4 29. Qc4+ Kh8 30. Qxd4+ Kg8 31. Qg7# 1-0

[Event "AUTO-ADV-4568"]
[Site "http://www.queenalice.com/game.php?id=1777106"]
[Date "2021.12.13"]
[Round "1"]
[White "Canaye"]
[Black "holandes"]
[Result "1-0"]
[WhiteElo "1930"]
[BlackElo "1799"]

1. d4 d5 2. c4 c6 3. Nc3 Bf5 4. cxd5 cxd5 5. Nf3 h6 6. e3 a6 7. Ne5 Nc6 8. Nxc6
bxc6 9. Bd3 Qd7 10. O-O e6 11. Bxf5 exf5 12. Bd2 Bd6 13. Rc1 Bc7 14. Na4 Qd6 15.
f4 Nf6 16. Nc5 O-O 17. Nd3 a5 18. Ne5 Ra6 19. Qa4 Rb8 20. Rxc6 Rxc6 21. Nxc6
Rxb2 22. Bxa5 Ne4 23. Bxc7 Qxc7 24. Ne5 Nc3 25. Qe8+ Kh7 26. Qxf7 Qxf7 27. Nxf7
Rxa2 28. Nd6 g6 29. h3 Ra3 30. Kf2 Ra6 31. Nb7 Ne4+ 32. Kg1 Ng3 33. Rb1 Re6 34.
Rb3 h5 35. Nc5 Re7 36. Rb7 Rxb7 37. Nxb7 Ne4 38. Nc5 Kh6 39. Nxe4 fxe4 40. Kf2
h4 41. Ke2 g5 42. f5 Kg7 43. Kd2 Kf6 44. Kc3 Kxf5 45. Kb4 Ke6 46. Kc5 Kf5 47.
Kxd5 g4 48. hxg4+ Kxg4 49. Kxe4 Kg3 50. d5 Kxg2 51. d6 h3 52. d7 h2 53. d8=Q
h1=Q 54. Qg8+ Kf1+ 55. Kd4 Qh4+ 56. e4 Qf6+ 57. e5 1-0

[Event "AUTO-ADV-4568"]
[Site "http://www.queenalice.com/game.php?id=1777107"]
[Date "2021.12.13"]
[Round "1"]
[White "holandes"]
[Black "Canaye"]
[Result "0-1"]
[WhiteElo "1806"]
[BlackElo "1819"]

1. e4 e6 2. d4 d5 3. e5 c5 4. Be3 c4 5. b3 cxb3 6. axb3 Nc6 7. Bb5 Bd7 8. Nf3
Qb6 9. Nc3 Bb4 10. Bxc6 Qxc6 11. Bd2 Bxc3 12. Bxc3 Qxc3+ 13. Kf1 Ne7 14. Qd2
Qxa1+ 0-1

[Event "AUTO-ADV-4568"]
[Site "http://www.queenalice.com/game.php?id=1777116"]
[Date "2021.12.13"]
[Round "1"]
[White "PaulMSains"]
[Black "holandes"]
[Result "1-0"]
[WhiteElo "1824"]
[BlackElo "1829"]

1. e4 e5 2. Nf3 Nc6 3. Bc4 Nd4 4. Nxe5 Qg5 5. Bxf7+ Ke7 6. O-O Qxe5 7. Bxg8 Rxg8
8. c3 Ne6 9. d3 b6 10. Be3 c5 11. f4 Qd6 12. e5 Qd5 13. c4 Qc6 14. Nc3 Nc7 15.
Qh5 h6 16. Rf3 g6 17. Qh4+ Ke8 18. f5 g5 19. Qh5+ Kd8 20. f6 Ne6 21. Nd5 g4 22.
Rg3 d6 23. Bxh6 Rh8 24. Qxg4 Bxh6 25. f7 Nd4 26. Qh4+ Kd7 27. Qe7# 1-0

[Event "AUTO-ADV-4568"]
[Site "http://www.queenalice.com/game.php?id=1777117"]
[Date "2021.12.13"]
[Round "1"]
[White "holandes"]
[Black "PaulMSains"]
[Result "0-1"]
[WhiteElo "1813"]
[BlackElo "1862"]

1. e4 e5 2. Nc3 Nf6 3. a3 Bc5 4. h3 O-O 5. d3 d5 6. exd5 Nxd5 7. Bd2 Qf6 8. Ne4
Qb6 9. Rb1 Bf5 10. Nxc5 Qxc5 11. Nf3 Nc6 12. Be2 Rfe8 13. O-O Re6 14. c4 Nf6 15.
b4 Qd6 16. b5 Nd4 17. Bb4 Qd7 18. Nh4 Nxe2+ 19. Kh1 Nd4 20. a4 b6 21. Bc3 Bg6
22. Re1 Qd6 23. Bb4 Qd7 24. c5 bxc5 25. Bxc5 c6 26. Bxd4 exd4 27. bxc6 Qxc6 28.
Nf3 Qc3 29. Rxe6 fxe6 30. Rb3 Qc5 31. Rb5 Qd6 32. Ne5 Be8 33. Nc4 Qf4 34. Rb2
Qh6 35. Qe2 Qc1+ 36. Kh2 Qh6 37. Qxe6+ Bf7 38. Qf5 Qg6 39. Qf3 Bxc4 40. dxc4 Rc8
41. a5 h5 42. Rb7 Qe4 43. Qg3 Qxb7 0-1

[Event "Challenge"]
[Site "http://www.queenalice.com/game.php?id=1777966"]
[Date "2021.12.22"]
[Round "-"]
[White "ootomm"]
[Black "holandes"]
[Result "1-0"]
[WhiteElo "1757"]
[BlackElo "1670"]

1. e4 c5 2. Nf3 Nc6 3. Bc4 e6 4. d4 cxd4 5. Nxd4 Bc5 6. c3 Nf6 7. Qd3 Ne5 8. Qe2
Bxd4 9. cxd4 Nxc4 10. e5 Nxe5 11. Qxe5 b6 12. Nc3 1-0

[Event "Challenge"]
[Site "http://www.queenalice.com/game.php?id=1777967"]
[Date "2021.12.22"]
[Round "-"]
[White "holandes"]
[Black "ootomm"]
[Result "0-1"]
[WhiteElo "1684"]
[BlackElo "1743"]

1. e4 e5 2. Nf3 Nf6 3. Nc3 Bb4 4. Bd3 d6 5. h3 Be6 6. Ne2 O-O 7. O-O Nc6 8. c3
Bc5 9. a4 a5 10. Bc2 d5 11. exd5 Bxd5 12. Nh4 Be6 0-1

[Event "AUTO-ADV-4573"]
[Site "http://www.queenalice.com/game.php?id=1778469"]
[Date "2021.12.28"]
[Round "1"]
[White "holandes"]
[Black "deathbydixxon"]
[Result "0-1"]
[WhiteElo "1657"]
[BlackElo "1920"]

1. e4 e5 2. Nc3 b6 3. Nf3 d6 4. h3 Bb7 5. Bc4 h6 6. d3 Nf6 7. O-O Nbd7 8. Be3 d5
9. exd5 Qe7 10. Re1 O-O-O 0-1

[Event "AUTO-ADV-4573"]
[Site "http://www.queenalice.com/game.php?id=1778482"]
[Date "2021.12.28"]
[Round "1"]
[White "holandes"]
[Black "Becket"]
[Result "0-1"]
[WhiteElo "1740"]
[BlackElo "1818"]

1. e4 e5 2. Nc3 Nf6 3. a3 d6 4. h3 Nc6 5. Bb5 Bd7 6. d3 Be7 7. Ba4 a6 8. Nf3 O-O
9. Bb3 Rb8 10. O-O b5 11. d4 exd4 12. Nxd4 Nxd4 13. Qxd4 c5 14. Qe3 c4 15. Ba2
Re8 16. Qg3 g6 17. Bh6 Bf8 18. Bg5 Bg7 19. Rfe1 Qc7 20. Rad1 Bc6 21. Bf4 Bf8 22.
Qg5 Nxe4 23. Nxe4 Bxe4 24. Qf6 Bg7 0-1

[Event "AUTO-ADV-4573"]
[Site "http://www.queenalice.com/game.php?id=1778483"]
[Date "2021.12.28"]
[Round "1"]
[White "Becket"]
[Black "holandes"]
[Result "1-0"]
[WhiteElo "1794"]
[BlackElo "1754"]

1. d4 d5 2. e3 a6 3. c4 c6 4. Nf3 Bg4 5. Nc3 e6 6. cxd5 cxd5 7. Be2 Bb4 8. Bd2
Nc6 9. O-O Nf6 10. Qb3 Rb8 11. Qa4 O-O 12. Qd1 e5 13. dxe5 Nxe5 14. Nxe5 Bxe2
15. Qxe2 Qd6 16. Nf3 Rfe8 17. a3 Ba5 18. Nd4 Bb6 19. Qd3 Bxd4 20. Qxd4 b5 21. h3
Rbc8 22. Rac1 h6 23. Rfe1 Rc4 24. Qd3 Re5 25. Ne2 1-0